La herencia:
Պահպանված է:
| Հիմնական հեղինակ: | |
|---|---|
| Ձևաչափ: | Անհայտ |
| Լեզու: | Spanish |
| Հրապարակվել է: |
México:
Aguilar,
1999
|
| Հրատարակություն: | 1. edición |
| Շարք: | Extra Alfaguara
|
| Խորագրեր: | |
| Ցուցիչներ: |
Ավելացրեք ցուցիչ
Չկան պիտակներ, Եղեք առաջինը, ով նշում է այս գրառումը!
|
MARC
| LEADER | 000000000a22000000004500 | ||
|---|---|---|---|
| 001 | 000291 | ||
| 008 | 140610s1999 m ac||f |||| 000 0 spa d | ||
| 020 | |a 9681905733 | ||
| 082 | 0 | |a 324.630.972 |b G346h | |
| 100 | 1 | |a Castañeda, Jorge G., 1953- | |
| 245 | 1 | 0 | |a La herencia: |c arqueología de la sucesión prsidencial en México |h Jorge G. Castañeda |
| 250 | |a 1. edición | ||
| 260 | |a México: |b Aguilar, |c 1999 | ||
| 300 | |a 558 páginas : |b ilustraciones, retratos | ||
| 490 | 0 | |a Extra Alfaguara | |
| 500 | |a Número de inscripción 09806 | ||
| 650 | 4 | |a PRESIDENTES | |
| 650 | 4 | |a MEXICO |x SUCESION |x POLITICA Y GOBIERNO |z 1970-2000 | |
| 942 | |2 ddc |c BK | ||
| 999 | |c 1107 |d 1107 | ||



